Les Plus Grandes Villes Brésiliennes - Extreme - Statistiques

Statistiques générales
  • Ce quiz a été pris 140 fois
  • Le résultat moyen est 28 sur 150
Statistiques - réponses
Position Populations Réponse % Correct
3 3.100.000 Brasília
100%
1 12.200.000 São Paulo
100%
2 6.500.000 Rio de Janeiro
98%
6 2.500.000 Belo Horizonte
87%
9 1.650.000 Recife
85%
7 2.150.000 Manaus
83%
10 1.500.000 Porto Alegre
83%
5 2.650.000 Fortaleza
72%
4 3.000.000 Salvador
72%
12 1.450.000 Belém
66%
8 1.900.000 Curitiba
62%
57 410.000 Campina Grande
53%
19 885.000 Natal
43%
15 1.100.000 São Luís
40%
53 434.000 Santos
38%
14 1.200.000 Campinas
34%
47 485.000 Florianópolis
34%
11 1.460.000 Goiânia
34%
20 875.000 Campo Grande
32%
21 850.000 Teresina
32%
35 590.000 Cuiabá
30%
17 1.030.000 Maceió
28%
51 460.000 São João de Meriti
28%
33 650.000 Aracaju
26%
13 1.350.000 Guarulhos
26%
22 830.000 São Bernardo do Campo
26%
68 363.000 Vitória
26%
73 348.000 Vitória da Conquista
26%
18 900.000 Duque de Caxias
23%
40 520.000 Porto Velho
23%
16 1.050.000 São Gonçalo
23%
49 474.000 Macapá
21%
43 500.000 Niterói
21%
90 298.000 Petrópolis
21%
98 278.000 Santa Maria
21%
115 240.000 São José
21%
52 450.000 São José do Rio Preto
21%
26 705.000 São José dos Campos
21%
88 307.000 São José dos Pinhais
21%
44 495.000 Belford Roxo
19%
45 490.000 Campos dos Goytacazes
19%
34 630.000 Feira de Santana
19%
36 580.000 Joinville
19%
134 221.000 Juazeiro
19%
103 270.000 Juazeiro do Norte
19%
37 565.000 Juiz de Fora
19%
24 800.000 Nova Iguaçú
19%
63 390.000 Olinda
19%
65 383.000 Rio Branco
19%
48 483.000 Caxias do Sul
17%
107 264.000 Foz do Iguaçú
17%
95 286.000 Palmas
17%
92 296.000 Santarém
17%
74 347.000 Blumenau
15%
75 344.000 Franca
15%
96 280.000 Governador Valadares
15%
110 254.000 Imperatriz
15%
23 810.000 João Pessoa
15%
38 560.000 Londrina
15%
87 308.000 Taubaté
15%
80 332.000 Boa Vista
13%
147 204.000 Cabo de Santo Agostinho
13%
84 319.000 Cascavel
13%
56 417.000 Diadema
13%
114 244.000 Macaé
13%
112 249.000 Novo Hamburgo
13%
79 343.000 Petrolina
13%
25 715.000 Santo André
13%
31 660.000 Sorocaba
13%
94 290.000 Suzano
13%
30 675.000 Uberlândia
13%
46 486.000 Vila Velha
13%
106 265.000 Volta Redonda
13%
66 375.000 Anápolis
11%
72 356.000 Caruaru
11%
140 213.000 Chapecó
11%
32 658.000 Contagem
11%
85 315.000 Guarujá
11%
125 232.000 Itaboraí
11%
89 300.000 Limeira
11%
119 237.000 Magé
11%
59 406.000 Maringá
11%
93 295.000 Mossoró
11%
27 700.000 Osasco
11%
76 344.000 Pelotas
11%
61 397.000 Piracicaba
11%
130 225.000 Presidente Prudente
11%
81 329.000 Ribeirão das Neves
11%
29 680.000 Ribeirão Preto
11%
71 360.000 São Vicente
11%
83 328.000 Uberaba
11%
124 233.000 Americana
9%
39 540.000 Aparecida de Goiânia
9%
139 216.000 Cabo Frio
9%
120 237.000 Colombo
9%
128 229.000 Jacareí
9%
58 409.000 Jundiaí
9%
54 433.000 Mogi das Cruzes
9%
86 310.000 Praia Grande
9%
144 209.000 Rio Grande
9%
136 219.000 Santa Luzia
9%
126 231.000 São Leopoldo
9%
111 253.000 Viamão
9%
145 208.000 Alvorada
6%
41 515.000 Ananindeua
6%
123 234.000 Arapiraca
6%
104 268.000 Barueri
6%
67 371.000 Bauru
6%
55 427.000 Betim
6%
91 297.000 Camaçari
6%
78 343.000 Canoas
6%
62 396.000 Carapicuiba
6%
64 387.000 Cariacica
6%
69 362.000 Caucaia
6%
143 211.000 Criciúma
6%
117 239.000 Divinópolis
6%
105 267.000 Embu das Artes
6%
99 275.000 Gravataí
6%
108 257.000 Ipatinga
6%
135 221.000 Itabuna
6%
141 212.000 Itajaí
6%
70 361.000 Itaquaquecetuba
6%
28 695.000 Jaboatão dos Guararapes
6%
122 235.000 Marília
6%
50 462.000 Mauá
6%
60 402.000 Montes Claros
6%
109 255.000 Parnamirim
6%
82 328.000 Paulista
6%
77 343.000 Ponta Grossa
6%
113 246.000 São Carlos
6%
42 502.000 Serra
6%
121 236.000 Sete Lagoas
6%
146 205.000 Sobral
6%
101 273.000 Sumaré
6%
97 279.000 Taboão da Serra
6%
100 274.000 Várzea Grande
6%
127 230.000 Araraquara
4%
142 211.000 Cachoeiro do Itapemirim
4%
118 238.000 Cotia
4%
137 218.000 Dourados
4%
133 222.000 Hortolândia
4%
116 240.000 Indaiatuba
4%
129 226.000 Itapevi
4%
150 200.000 Luziânia
4%
102 271.000 Marabá
4%
131 224.000 Maracanaú
4%
149 202.000 Parauapebas
4%
148 203.000 Rio Claro
4%
138 217.000 Rio Verde
4%
132 223.000 Rondonópolis
4%
Aucun quiz correspondant
Distribution des résultats
% des personnes avec chaque résultat
Percentile par nombre de réponses
Votre historique - résultats
Vous n’avez pas pris ce quiz